[Event "Tambov Pavlyutin Memorial 1st"]
[Site "Tambov"]
[Date "2011.05.18"]
[Round "3"]
[White "Volchikhin, Artyom"]
[Black "Nikolaev, Alexey"]
[Result "1-0"]
[WhiteElo "2065"]
[BlackElo "2316"]
[PlyCount "93"]
[EventDate "2011.05.17"]
[EventType "tourn"]
[EventRounds "9"]
[EventCountry "RUS"]
[SourceTitle "CBM 142 Extra"]
[Source "ChessBase"]
[SourceDate "2011.06.27"]
[SourceVersion "1"]
[SourceVersionDate "2011.06.27"]
[SourceQuality "1"]

1. e4 c6 2. d4 d5 3. Nc3 b5 4. e5 Bf5 5. g4 Bd7 6. Bd3 e6 7. Nf3 g6 8. Be3 h5 9. gxh5 Rxh5 10. Ne2 Ne7 11. Ng3 Rh8 12. Qe2 Nf5 13. 0-0-0 Be7 14. Nxf5 gxf5 15. Rdg1 Qa5 16. Kb1 Na6 17. Rg7 Bf8 18. Rg2 Nb4 19. a3 Nxd3 20. Qxd3 b4 21. Bd2 Qa4 22. Bxb4 Bxb4 23. axb4 Qxb4 24. Rhg1 0-0-0 25. Qa3 Qxa3 26. bxa3 Rh3 27. Rg3 Rdh8 28. Rxh3 Rxh3 29. Rg3 Rxg3 30. fxg3 Kd8 31. Ng5 Ke7 32. Nh7 Bc8 33. Nf6 Kf8 34. h4 Kg7 35. Kb2 Ba6 36. Kb3 Be2 37. Kb4 a6 38. Kc5 Bb5 39. Kd6 Kg6 40. Ke7 Ba4 41. c3 f4 42. gxf4 Bc2 43. h5+ Kg7 44. h6+ Kxh6 45. Kxf7 Bf5 46. Nd7 Kh5 47. Nc5 1-0

[Event "Tambov Pavlyutin Memorial 1st"]
[Site "Tambov"]
[Date "2011.05.17"]
[Round "2"]
[White "Nikolaev, Alexey"]
[Black "Larin, Vladimir P"]
[Result "0-1"]
[WhiteElo "2316"]
[BlackElo "2193"]
[PlyCount "40"]
[EventDate "2011.05.17"]
[EventType "tourn"]
[EventRounds "9"]
[EventCountry "RUS"]
[SourceTitle "CBM 142 Extra"]
[Source "ChessBase"]
[SourceDate "2011.06.27"]
[SourceVersion "1"]
[SourceVersionDate "2011.06.27"]
[SourceQuality "1"]

1. e4 d6 2. d4 Nf6 3. Nc3 g6 4. Be2 Bg7 5. h4 h5 6. Bg5 Nbd7 7. Nf3 c5 8. Qd2 cxd4 9. Nxd4 a6 10. f3 Qc7 11. Be3 b5 12. Rc1 Bb7 13. Nd1 d5 14. exd5 Nxd5 15. Bf2 Bh6 16. Be3 Nxe3 17. Nxe3 Qg3+ 18. Kf1 Qf4 19. Kf2 Nf6 20. Qd3 Ne4+ 0-1